Povlakovanie liatinových odliatkov z nástreku formy bronzovým práškom CuSn 10 : Diplomová práca

Saved in:
Bibliographic Details
Main Authors: Pokusa, Anton, 1940- (xxx), Kováč, Juraj (Author)
Format: Manuscript Book
Language:Slovak
Published: Trnava : STU v Bratislave MtF KZl, 1999
Subjects:
Tags: Add Tag
No Tags, Be the first to tag this record!

MARC

LEADER 00000ntm a22000003a 4500
001 stu85578
005 20160719154810.4
008 040402s1999----xo------------------slo-d
040 |a STU  |b slo 
041 0 |a slo 
044 |a xo 
100 1 |a Pokusa, Anton,  |d 1940-  |4 xxx  |u M230  |U MTF Ústav výrobných technológií  |T MTF Katedra zlievarenstva  |X 282  |U M230  |Y M230  |7 A000000282 
245 1 |a Povlakovanie liatinových odliatkov z nástreku formy bronzovým práškom CuSn 10 :  |b Diplomová práca 
260 |a Trnava :  |b STU v Bratislave MtF KZl,  |c 1999 
300 |a 48 s 
650 7 |a technológie strojárskej výroby  |2 stusub 
650 7 |a prášková metalurgia  |2 stusub 
700 1 |a Kováč, Juraj  |4 aut 
996 |b 284M059287  |c M*DP-3974  |l MMSKP  |s P  |a 0  |w stu85578_0001